Normal view
MARC view
- Kolhe Kavita
Entry Personal Name
001 - CONTROL NUMBER
- control field: 182677
003 - CONTROL NUMBER IDENTIFIER
- control field: OSt
005 - DATE AND TIME OF LATEST TRANSACTION
- control field: 20230605084953.0
008 - FIXED-LENGTH DATA ELEMENTS
- fixed length control field: 230605|| aca||aabn | a|a d
040 ## - CATALOGING SOURCE
- Original cataloging agency: OSt
- Transcribing agency: OSt
100 ## - HEADING--PERSONAL NAME
- Personal name: Kolhe Kavita
670 ## - SOURCE DATA FOUND
- Source citation: Work cat.: (OSt)160739: Kolhe Kavita, Site Planning And Landscape Development For Winery And Associated Vineyard In Nashik, 2014